000
00307nam a22001337a 4500
008
181206b xxu||||| |||| 00| 0 eng d
020
_a
9780060463311
041
_a
eng
080
_2
4 th
_a
573
100
_a
11
101
_a
BIO
245
_a
Ecology And Field Biology
_c
Smith.R.L
942
_2
udc
_c
BK
999
_c
52968
_d
52968